000 00471nab a2200145Ia 4500
003 ES-SlBCS
005 20210601125452.0
008 140529s1985-86 xxu||||| |||| 00| 0 eng d
041 _aeng
100 1 _aUpton, Thomas V.
_947274
245 0 0 _aAristotle on Hypothesis and the Unhypothesized First Principle
_c Thomas V. Upton
600 0 4 _aAristóteles-Primer Principio
_9159021
773 0 _tReview of Methaphysics
_gvol. 39, 1985-86, págs. 283-302
_wRev843
942 _cAR
999 _c530851
_d530851